| 000 | 00436nam a22001817a 4500 | ||
|---|---|---|---|
| 003 | CEME | ||
| 005 | 20210628203443.0 | ||
| 008 | 210129b xxu||||| |||| 00| 0 eng d | ||
| 020 | _a969-868-703-3 | ||
| 040 | _c. | ||
| 082 | _a617.6 DAN | ||
| 100 |
_aSyed Irtiaza Ali Karmani _965578 |
||
| 245 | _aDanton ka ilah khud keejeay | ||
| 260 |
_aLAHORE _bAZEEM _c2003 |
||
| 300 | _a455P | ||
| 650 |
_aDENTISTRY _965579 |
||
| 942 |
_cBK _2ddc |
||
| 999 |
_c573741 _d573741 |
||